000 00982cam a22002413a 4500
001 5400
003 PGUSA
005 20140828083119.0
008 041019s2004||||xxu|||||s|||||000 1 eng d
040 _aPGUSA
_beng
042 _adc
050 4 _aPS
100 1 _aChurchill, Winston,
_d1871-1947
245 1 0 _aProject Gutenberg Complete Works of Winston Churchill
_h[electronic resource] /
_cWinston Churchill
260 _bProject Gutenberg,
_c2004
505 0 _aThe crossing -- The dwelling place of light -- Mr. Crewe's career -- A far country -- Coniston -- The inside of the cup -- Richard Carvel -- A modern chronicle -- The celebrity -- The crisis -- Dr. Jonathan (play) -- A traveller in wartime -- An essay on the American contribution and the democratic idea.
506 _aPublic domain in the USA.
516 _aElectronic text
653 _aAmerican fiction
830 0 _aProject Gutenberg
_v5400
856 4 0 _uhttp://www.gutenberg.org/ebooks/5400
942 _cEB
999 _c234729
_d234729